| 000 | 00877nam a2200241Ia 4500 | ||
|---|---|---|---|
| 003 | OSt | ||
| 005 | 20250425161733.0 | ||
| 008 | 191128s2016 ve er 000 f spa d | ||
| 020 | _a978980120510 | ||
| 040 |
_aCO-JMCR _cCO-JMCR |
||
| 041 | _aspa | ||
| 082 | 0 | 4 |
_aA-N _bRINw |
| 100 | 1 |
_aRincón, Emmanuel, _eautor _97878 |
|
| 245 | 1 | 0 |
_aWolf / _cEmmanuel Rincón |
| 250 | _a1a. Edición | ||
| 260 |
_aCaracas : _bEdiciones B, _c2016 |
||
| 300 |
_a321 páginas ; _c19 cm, |
||
| 490 | 0 | _aVertigo. Novela negra | |
| 500 | _aIncluye datos biográficos del autor | ||
| 520 | _aUn cineasta compulsivo y aparentemente vanguardista confecciona un casting particularmente inhabitual en el cual somete a sus actores a situaciones insólitas de experimentación con drogras, sexo desmedido, alcohol y algunos focos de violencia. | ||
| 650 | 1 | 4 |
_aNovela negra _9215 |
| 942 |
_2ddc _cBK |
||
| 999 |
_c4507 _d4507 |
||